000 00620nam a2200181 a 4500
001 000016548
005 20200929164928.0
008 100308s1981 dr 000 0 spa d
040 _aDO-SdBNP
_bspa
_cBNPHU
082 _axxx
_bB271c
100 1 _aBarreiro, Teófilo
_921610
245 1 0 _aCreencias y tabúes sexuales en la República Dominicana /
_cTeófilo Barreiro; prólogo Héctor Rodríguez.
260 _aSanto Domingo :
_bInstituto Nacional de Educación Sexual,
_c1981.
300 _a24 p. ;
_c22 cm.
504 _aIncluye bibliografías [p. 24]
710 2 _aHéctor Rodríguez
_epról.
_936792
049 _aBNPD
999 _c16081
_d16081